Online
Catalog

La verdadera muerte de Juan Ponce de León / (Record no. 8712)

MARC details
000 -CABECERA
campo de control de longitud fija 00771cam a2200229 a 4500
001 - NÚMERO DE CONTROL
campo de control 000008947
005 - FECHA Y HORA DE LA ÚLTIMA TRANSACCIÓN
campo de control 20200929161440.0
008 - DATOS DE LONGITUD FIJA--INFORMACIÓN GENERAL
campo de control de longitud fija 000817s2002 pr 001 j spa
020 ## - NÚMERO INTERNACIONAL ESTÁNDAR DEL LIBRO
Número Internacional Estándar del Libro 0884951634
040 ## - FUENTE DE LA CATALOGACIÓN
Centro catalogador/agencia de origen DO-SdBNP
Centro/agencia transcriptor DLC
082 ## - NÚMERO DE LA CLASIFICACIÓN DECIMAL DEWEY
Número de clasificación PR863.44
Número de documento/Ítem L864v, 2002
100 1# - ENTRADA PRINCIPAL--NOMBRE DE PERSONA
Nombre de persona López Nieves, Luis,
Fechas asociadas al nombre 1950-
9 (RLIN) 17784
245 13 - MENCIÓN DE TÍTULO
Título La verdadera muerte de Juan Ponce de León /
Mención de responsabilidad, etc. Luis López Nieves.
250 ## - MENCIÓN DE EDICIÓN
Mención de edición 2a ed.
260 ## - PUBLICACIÓN, DISTRIBUCIÓN, ETC.
Lugar de publicación, distribución, etc. Hato Rey,( Puerto Rico) :
Nombre del editor, distribuidor, etc. Cordillera,
Fecha de publicación, distribución, etc. 2002.
300 ## - DESCRIPCIÓN FÍSICA
Extensión 120 p. ;
Dimensiones 22 cm.
650 #4 - PUNTO DE ACCESO ADICIONAL DE MATERIA--TÉRMINO DE MATERIA
Término de materia o nombre geográfico como elemento de entrada Cuentos puertorriqueños
9 (RLIN) 249
650 #4 - PUNTO DE ACCESO ADICIONAL DE MATERIA--TÉRMINO DE MATERIA
Término de materia o nombre geográfico como elemento de entrada Literatura puertorriqueña
9 (RLIN) 250
650 #4 - PUNTO DE ACCESO ADICIONAL DE MATERIA--TÉRMINO DE MATERIA
Término de materia o nombre geográfico como elemento de entrada Ponce de león, juan,
Fechas vigentes 1460?-1521
Subdivisión general Cuentos
9 (RLIN) 23534
650 #4 - PUNTO DE ACCESO ADICIONAL DE MATERIA--TÉRMINO DE MATERIA
Término de materia o nombre geográfico como elemento de entrada Colón, cristóbal,
Fechas vigentes 1451-1506
Subdivisión general Cuentos
9 (RLIN) 23535
910 ## - DATOS DE OPCIÓN DEL USUARIO (OCLC)
Datos de opción del usuario Catalogación por copia / LC
Holdings
Estado de retiro Estado de pérdida Restricciones de uso No para préstamo Código de colección Localización permanente Ubicación/localización actual Ubicación en estantería Fecha de adquisición Número de inventario Total de préstamos Signatura topográfica completa Código de barras Fecha visto por última vez Precio válido a partir de Tipo de ítem Koha
    Préstamo interno   Monografías: Libros y Folletos General General En catalogación 21.09.2009 LF1   PR863.44 L864v, 2002 8947-10 25.06.2020 25.06.2020 Préstamo interno
        Monografías: Libros y Folletos General General Orden iniciada 14.11.2013 LF1   PR863.44 L864v, 2002 8947-20 25.06.2020 25.06.2020 No se presta

Powered by Koha